Stolice państw uczestniczących w MŚ w Piłce Nożnej 2022 po piłkarzu - Statystyki

Ogólne statystyki
  • Ten quiz został rozwiązany 105 razy
  • Średni wynik to 21 z 32
Statystyki odpowiedzi
Piłkarz Stolica % Poprawnych
Kylian Mbappé Paryż
92%
Virgil van Dijk Amsterdam
90%
Cristiano Ronaldo Lizbona
89%
Álvaro Morata Madryt
89%
Arkadiusz Milik Warszawa
89%
Luka Modrić Zagrzeb
89%
Manuel Neuer Berlin
88%
Lionel Messi Buenos Aires
87%
Eden Hazard Bruksela
82%
Christian Pulisic Waszyngton
80%
Granit Xhaka Berno
78%
Simon Kjaer Kopenhaga
78%
Phil Foden Londyn
77%
Takefusa Kubo Tokio
72%
Dusan Tadić Belgrad
71%
Heung-Min Son Seul
71%
Luis Suárez Montevideo
67%
Casemiro Brasilia
65%
Alphonso Davies Ottawa
65%
Gareth Bale Cardiff
64%
Héctor Herrera Meksyk
63%
Hakim Ziyech Rabat
63%
Enner Valencia Quito
52%
Kalidou Koulibaly Dakar
43%
Akram Afif Doha
43%
Matthew Leckie Canberra
42%
Nawaf Al-Abid Rijad
42%
Sardar Azmoun Teheran
34%
Keylor Navas San José
30%
Youssef Msakni Tunis
24%
André Ayew Akra
22%
Vincent Aboubakar Jaunde
19%
Nie znaleziono quizów pasujących do podanych kryteriów
Rozkład punktacji
Procent ludzi z każdym wynikiem
Percentyl według liczby udzielonych odpowiedzi
Twoja historia wyników
Nie rozwiązałeś tego quizu